Statistics for Guess the kpop group by song

Click here to take the quiz!

General Stats

  • This quiz has been taken 26 times
  • The average score is 13 of 20

Answer Stats

HintAnswer% Correct
Sweet VenomEnhypen
95%
Not ShyItzy
90%
Fact CheckNct 127
90%
Peek-a-booRed velvet
90%
Blue HourTxt
90%
LikeyTwice
86%
SheeshBabymonster
81%
LatataGidle
81%
Glitch ModeNct dream
81%
MegaverseStray kids
81%
Better ThingsAespa
76%
GiddyKep1er
71%
CyberpunkAteez
62%
Back DownP1harmony
52%
FirstEverglow
48%
ScreamDreamcatcher
43%
Do or DieXikers
33%
DiamondTribe
29%
Test MeXdinary heroes
24%
DystopiaKingdom
14%

Score Distribution

Percentile by Number Answered

Percent of People with Each Score

Your Score History

You have not taken this quiz